00705nam a22002177a 45000010005000000030006000050050017000110080041000280200015000690400029000840500008001131000020001212450052001412600052001933000049002455050008002945200110003025210021004125210020004337000034004534496FISKH20240912102433.0240912b cb ||||| |||| 00| 0 eng d a0395171954 aFISKHbengcFISKHdFISKH aPZ7 aHayton, Hillary aNat's snowman /cIllustrated by Hillary Hayton  aBoston : bHoughton Miffion Company ; c1973.  a16 pages : bcolor illustrations ;c26 cm .  aJ  aWhen Nat's friend Rod is unable to play in the snow because of his broken leg, Nat takes a snowman to Rod8 a500 bLexile 8 aJ bRaz-Plus  aHayton, Hillary eillustrator